| 000 | 00758 a2200229 4500 | ||
|---|---|---|---|
| 003 | CBULib | ||
| 005 | 20240515144401.0 | ||
| 008 | 240417b |||||||| |||| 00| 0 eng d | ||
| 020 | _a9780197532928 | ||
| 040 |
_bEnglish _cCBULib _erda |
||
| 041 | _aeng | ||
| 050 | _aE 744.5 Har | ||
| 100 |
_aHart, Justin _92737 |
||
| 245 |
_aEmpire of ideas : the origin of public diplomacy and the transformation of U.S foreign policy _c/ by Justine Hart |
||
| 260 |
_bOxford University Press, _c2013. _aUnited Sates of America : |
||
| 300 | _axii, 279 pages | ||
| 336 |
_2rdacontent _aText | _btxt |
||
| 337 |
_2rdamedia _aUnmediated | _bn |
||
| 338 |
_2rdacarrier _aVolume _bnc |
||
| 650 | 0 |
_2Library of Congress _92738 _aUNITED STATES--RELATIONS |
|
| 942 |
_2lcc _c002 |
||
| 999 |
_c84847 _d84847 |
||